Statistics for 15 Largest Cities in Benin🇧🇯

Click here to take the quiz!

General Stats

  • This quiz has been taken 26 times
  • The average score is 6 of 15

Answer Stats

PopulationCity% Correct
234kPorto-Novo
100%
780kCotonou
94%
163kParakou
41%
82kAbomey
35%
109kKandi
35%
80kNatitingou
35%
385kAbomey-Calavi
29%
237kDjougou
29%
86kLokossa
29%
83kOuidah
29%
54kNikki
24%
125kBohican
18%
38kCove
18%
41kDogbo
18%
75kSave
18%

Score Distribution

Percentile by Number Answered

Percent of People with Each Score

Your Score History

You have not taken this quiz